|
|
|
|
| LEADER |
00000nab a2200000 a 4500 |
| 001 |
vtls010490271 |
| 003 |
SK-MaSNL |
| 005 |
20260303090256.0 |
| 008 |
130213 2013 xo m 000 0 cze |
| 015 |
|
|
|a SNBRB2013/02
|2 lmaosk
|
| 040 |
|
|
|a LMAOSK
|b slo
|c LMAOSK
|e AACR2
|
| 041 |
|
|
|a cze
|
| 044 |
|
|
|a xo
|c SK
|
| 080 |
|
|
|a 623.746.7
|2 1981
|
| 100 |
1 |
|
|a Máče, Jan
|4 aut
|9 447991
|
| 245 |
1 |
0 |
|a Československé letectvo po roce 1945
|b vznik a vývoj letounu L-39 Albatros
|n 85
|c Jan Máče
|
| 300 |
|
|
|b Fotogr.
|
| 648 |
|
7 |
|a 1945
|2 lmaosk
|9 287702
|
| 650 |
0 |
7 |
|a československé letectvo
|2 lmaosk
|9 1096978
|
| 650 |
0 |
7 |
|a cvičné lietadlá
|2 SNKPH
|9 50993
|
| 650 |
0 |
7 |
|a L-39 Albatros (lietadlo vojenské)
|2 lmaosk
|9 1096979
|
| 650 |
0 |
7 |
|a vznik a vývoj
|2 lmaosk
|9 1096980
|
| 773 |
0 |
|
|t ATM
|g Roč. 45, č. 2 (2013), s. 71-73
|x 1802-4823
|
| 852 |
|
|
|a LMAOSK
|b KIS3GCP
|
| 958 |
|
|
|a NB
|
| 999 |
|
|
|c 1802603
|d 1804533
|